• 首页
  • 本馆介绍
  • 公告通知
  • 最新文献
  • 馆藏检索
  • 电子资源
  • 读者导购
  • 参考咨询
  • 我的图书馆
  • 登录
  • 详细信息显示
  • 放入我的书架
  • 预约/预借图书
  • 作者相关作品
  • 分类相关作品
  • 丛书相关作品
  • 出版社相关作品

书目信息

  • 表格格式
  • 工作单格式
  • 卡片格式
书名: Women and gender
作者: Mary Crawford, Rhoda Unger.
分册号:
分册名:
出版地: Boston :
 
出版社: McGraw-Hill
出版时间: 2004.
页数: xxii, 526 p. :
开本: 24 cm.
丛书名:
中图分类号:
科图分类号:
其他分类号: B844.5
主题词:
电子资源: http://www.loc.gov/catdir/description/mh023/99032603.html      http://www.loc.gov/catdir/toc/mh023/99032603.html     
000 01450cam 22003734a 4500
001 E0732118647
005 20070320090324.57
008 9905252004 maua b 001 0 eng
010    @a 99032603
020    @a0-07-282107-8.
035    @A(DLC) 99032603
040    @aDLC@cDLC@dDLC
042    @apcc
050 00 @aHQ1206@b.U49 2000
082 00 @a305.42 @2 21
090    @aB844.5
092    @aCN@b外院06.1-35
099    @dB844.5@ex56=4
100 1  @aCrawford, Mary@q(Mary E.)
245 10 @aWomen and gender :@ba feminist psychology / @cMary Crawford, Rhoda Unger.
250    @a4rd ed.
260    @aBoston :@bMcGraw-Hill,@c2004.
260    @aBerkeley :@bBerkeley.
300    @axxii, 526 p. :@bill. ;@c24 cm.
500    @aUnger's name appears first on earlier ed.
504    @aIncludes bibliographical references and index.
650  0 @aFeminist psychology.
650  0 @aWomen@xPsychology.
700 1  @aUnger, Rhoda Kesler.
856 2  @3 Publisher description@uhttp://www.loc.gov/catdir/description/mh023/99032603.html
856 1  @3 Table of contents@uhttp://www.loc.gov/catdir/toc/mh023/99032603.html
925 0  @aacquire@b2 shelf copies@xpolicy default
955    @apc17 to sa00 05-25-99; sh17 05-27-99 to sf00; lk03 to sl 05-28-99; sf05 06-03-99; bk rec'd, to CIP ver. ps14 01-31-00; CIP ver. sc19 02-04-00; sc02 to BCCD 02-10-00; Copy 2 to BCCD sa55 09-13-00
984    @agsl
    
    Women and gender : : a feminist psychology / / Mary Crawford, Rhoda Unger.-4rd ed.-Boston : : McGraw-Hill, , 2004.-Berkeley : : Berkeley.
    xxii, 526 p. : : ill. ; ; 24 cm.
    Unger's name appears first on earlier ed.-Includes bibliographical references and index.
    
    ISBN 0-07-282107-8.
    
●
相关链接 在E读中查询图书 在五车中查询图书 在当当中查询图书 在豆瓣中查询图书


正题名:Women and gender     索取号:B844.5/x56=4         预约/预借

序号 登录号 条形码 馆藏地/架位号 状态 备注
1 0003097   300030972   第二样本阅览室/ [索取号:B844.5/x56=4] 在馆    
2 0003098   300030981   第四借阅区/ [索取号:B844.5/x56=4] 在馆    
3 0003099   300030990   第四借阅区/ [索取号:B844.5/x56=4] 在馆    
唐山师范学院图书馆 欢迎您!
大连网信软件有限公司© 版权所有